Vista normal
Vista MARC
Entrada Materia (personas)
Número de registros utilizados en: 5
001 - CONTROL NUMBER
- control field: 41620
003 - CONTROL NUMBER IDENTIFIER
- control field: Co-BoUCM
005 - DATE AND TIME OF LATEST TRANSACTION
- control field: 20130726103057.0
008 - FIXED-LENGTH DATA ELEMENTS
- fixed length control field: 130726|| aca||aabn | a|a d
040 ## - CATALOGING SOURCE
- Original cataloging agency: Co-BoUCM
- Transcribing agency: Co-BoUCM
100 ## - HEADING--PERSONAL NAME
- Personal name: Stryer, Lubert
670 ## - SOURCE DATA FOUND
- Source citation: Work cat.: (Co-BoUCM)56211: Berg, Jeremy Mark 41618, Bioquímica, 2003